[Event "IRI-ch U12"]
[Site "Chess.com INT"]
[Date "2021.01.16"]
[Round "9"]
[White "Ilkhanipour, Ramtin"]
[Black "Asadi, Mohammadmobin"]
[Result "1-0"]
[WhiteElo "1723"]
[BlackElo "1401"]
[PlyCount "70"]
[EventDate "2021.01.16"]
[EventType "swiss"]
[EventRounds "11"]
[EventCountry "IRI"]
[SourceTitle "EXT 2022"]
[Source "ChessBase"]
[SourceDate "2021.10.06"]
[SourceVersion "1"]
[SourceVersionDate "2021.10.06"]
[SourceQuality "1"]

1. e4 e6 2. d4 d5 3. Nd2 dxe4 4. Nxe4 Bd7 5. Nf3 Bc6 6. Bd3 Nd7 7. 0-0 Ngf6 8. Qe2 Be7 9. c3 0-0 10. Bf4 Nd5 11. Bg3 Kh8 12. h3 b6 13. Ned2 N5f6 14. Ne5 Bb7 15. Ne4 c5 16. Ng5 Nxe5 17. dxe5 Qd5 18. f3 Nd7 19. Be4 Bxg5 20. Bxd5 Bxd5 21. Rad1 c4 22. Bf2 Bf4 23. Bd4 h5 24. Qe1 b5 25. Qh4 Bh6 26. Qxh5 Rg8 27. g4 Nf8 28. g5 Nh7 29. gxh6 gxh6+ 30. Kh2 Rg5 31. Qxh6 Rag8 32. Rg1 R8g6 33. Qh4 Bxf3 34. Rxg5 Rxg5 35. Rg1 Rh5 1-0

[Event "IRI-ch U12"]
[Site "Chess.com INT"]
[Date "2021.01.16"]
[Round "2"]
[White "Sahbaii Lotfi, Mahdi"]
[Black "Ilkhanipour, Ramtin"]
[Result "0-1"]
[WhiteElo "1146"]
[BlackElo "1723"]
[PlyCount "166"]
[EventDate "2021.01.16"]
[EventType "swiss"]
[EventRounds "11"]
[EventCountry "IRI"]
[SourceTitle "EXT 2022"]
[Source "ChessBase"]
[SourceDate "2021.10.06"]
[SourceVersion "1"]
[SourceVersionDate "2021.10.06"]
[SourceQuality "1"]

1. e4 c5 2. Nf3 e6 3. d4 cxd4 4. Nxd4 Nf6 5. Nc3 Nc6 6. Bg5 Be7 7. Bb5 h6 8. Bh4 a6 9. Bxc6 bxc6 10. e5 Nd5 11. Bxe7 Qxe7 12. Nxd5 cxd5 13. 0-0 0-0 14. c3 a5 15. b3 Ba6 16. Re1 d6 17. exd6 Qxd6 18. Qd2 Rac8 19. Rac1 Rfd8 20. Nf3 Re8 21. Qe3 e5 22. Red1 Bb7 23. Rd2 d4 24. Qe2 Qa3 25. Rdc2 dxc3 26. Qe1 Bxf3 27. gxf3 Qb4 28. Rxc3 Rxc3 29. Qxc3 Qf4 30. Qe3 Qf5 31. Re1 Re6 32. Rc1 Qh3 33. Kh1 Rg6 34. Rg1 Rxg1+ 35. Kxg1 Qf5 36. Qe4 Qg5+ 37. Qg4 Qc1+ 38. Kg2 Qc7 39. Qc4 Qxc4 40. bxc4 Kf8 41. Kg3 Ke7 42. f4 e4 43. f5 Kd6 44. Kf4 Kc5 45. Kxe4 Kxc4 46. Ke5 Kc5 47. f6 g6 48. h4 Kc6 49. f4 Kc5 50. Ke4 Kd6 51. f5 g5 52. hxg5 hxg5 53. Kf3 Ke5 54. Kg4 Kxf6 55. a4 Ke5 56. Kxg5 Ke4 57. f6 Ke5 58. Kg4 Kxf6 59. Kf4 Ke6 60. Ke4 f5+ 61. Kf4 Kf6 62. Kf3 Ke5 63. Ke3 Kd5 64. Kf4 Kc4 65. Kxf5 Kb4 66. Ke4 Kxa4 67. Kd3 Kb3 68. Kd2 Kb2 69. Kd3 a4 70. Kc4 a3 71. Kb4 a2 72. Kb5 a1Q 73. Kb4 Qa3+ 74. Kb5 Qc3 75. Ka4 Qc7 76. Kb5 Kb3 77. Ka6 Qc5 78. Kb7 Qd6 79. Ka7 Kb4 80. Kb7 Kb5 81. Ka7 Qe7+ 82. Ka8 Kb6 83. Kb8 Qe8# 0-1